| 000 | 00965nas a2200301 4500 | ||
|---|---|---|---|
| 001 | BR2011001978 | ||
| 003 | BR-BrBNA | ||
| 005 | 20231205114932.0 | ||
| 007 | ta | ||
| 008 | 230509b bl.|||p| |||| 00| 00por d | ||
| 040 |
_aBR-BrBNA _bpor _cBiblioteca Nacional de Agricultura |
||
| 041 | _a(Pt) | ||
| 072 | _aL70; L73 | ||
| 100 | 1 | _aZardo, K.M. | |
| 100 | 1 | _aProvasi, A. | |
| 100 | 1 | _aSelmi, A.L. | |
| 100 | 1 | _aAndrade Neto, J.P. | |
| 245 | 1 | _aContribuição das projeções oblíquas em mielografias de pequenos animais para a localização de lesões medulares causadas por processo degenerativo do disco intervertebral | |
| 650 | _aCÃO | ||
| 650 | _aGATO | ||
| 650 | _aVETERINÁRIA | ||
| 650 | _aDIAGNÓSTICO | ||
| 650 | _aRADIOGRAFIA | ||
| 650 | _aMEDULA ESPINHAL | ||
| 773 | 0 |
_tCiência Rural (Brazil) _xISSN 0103-8478 _g(Nov 2010), v. 40(11) p. 2324-2331 _wBR2011001978 |
|
| 909 |
_a202311 _bLúcia _c55 _dLúcia Elande |
||
| 942 |
_2AGRIS _n0 _cANA |
||
| 999 |
_c211311 _d211311 |
||